| 000 | 00740cam a2200193 4500 | ||
|---|---|---|---|
| 001 | WB3823-08 | ||
| 008 | 020626n2002 000 0 eng u | ||
| 035 | _a(Sirsi) u118546 | ||
| 245 | _aIt's over for property shares | ||
| 260 | _c2002 | ||
| 490 |
_aEstates Gazette _v(0225) 22 June 2002, 49(1) |
||
| 520 | _aAnalysts predicted that property shares 'golden year' is now coming to an end; they are concerned that investors will switch to other stocks despite the FTSE falling 10% and the Real Estate index rising 15%. | ||
| 590 | _aWB | ||
| 650 | _aPROPERTY ANALYSTS | ||
| 650 | _aPROPERTY SHARES | ||
| 650 | _aPROPERTY INVESTMENT | ||
| 690 | _aPROPERTY-COMMERCIAL PROPERTY-COMMERCIAL PROPERTY FINANCE AND INVESTMENT | ||
| 942 | _n0 | ||
| 999 |
_c70590 _d70590 |
||